Human settlements basic statistics = Statistiques de base

Furkejuvvon:
Bibliográfalaš dieđut
Searvvušdahkki: United Nations Centre for Human Settlements
Materiálatiipa: Girji
Giella:English
Almmustuhtton: Nairobi : United Nations Centre for Human Settlements (Habitat) 1990
Fáttát:
Fáddágilkorat: Lasit fáddágilkoriid
Eai fáddágilkorat, Lasit vuosttaš fáddágilkora!

MARC

LEADER 00000nam a2200000Ia 4500
003 001800
005 20221231143845.0
008 140116s1990 ke a 000 ||eng d
020 |a 9211310989 
040 |c cru CEDI 
082 |a 363.509.1 H434h 
110 |9 20773  |a United Nations Centre for Human Settlements. 
245 |a Human settlements basic statistics = Statistiques de base  
260 |c 1990  |a Nairobi : United Nations Centre for Human Settlements (Habitat) 
300 |c paginación varia 
500 |a Título agregado a la página del título: Iḥṣāʼīyāt al-asāsīyah lil-mustawṭanāt al-basharīyah احصائيات الاساسية للمستوطنات البشرية 
546 |a En Arabic, English, French, and Spanish. 
650 |x VIVIENDA - ESTADISTICAS   |9 20776 
942 |2 ddc  |c BK 
999 |c 13327  |d 13327